Sew it! : (Record no. 947)

MARC details
000 -LEADER
fixed length control field 00986nam a22002537a 4500
005 - DATE AND TIME OF LATEST TRANSACTION
control field 20240201091445.0
008 - FIXED-LENGTH DATA ELEMENTS--GENERAL INFORMATION
fixed length control field 240201b |||||||| |||| 00| 0 eng d
020 ## - INTERNATIONAL STANDARD BOOK NUMBER
International Standard Book Number 9781607058748 (soft cover)
040 ## - CATALOGING SOURCE
Original cataloging agency DLC
Language of cataloging eng
Transcribing agency KMU
Description conventions rda
Modifying agency KMU
050 00 - LIBRARY OF CONGRESS CALL NUMBER
Classification number TT 712
100 1# - MAIN ENTRY--PERSONAL NAME
Personal name Nicoll, Allison,
Dates associated with a name 1981-
Relator term author.
245 10 - TITLE STATEMENT
Title Sew it! :
Remainder of title make 17 projects with yummy precut fabric, jelly rolls, layer cakes, charm packs & fat quarters /
Statement of responsibility, etc. Allison Nicoll.
264 #1 - PRODUCTION, PUBLICATION, DISTRIBUTION, MANUFACTURE, AND COPYRIGHT NOTICE
Place of production, publication, distribution, manufacture Lafayette, CA :
Name of producer, publisher, distributor, manufacturer Fun Stitch Studio, an imprint of C&T Publishing Inc.,
Date of production, publication, distribution, manufacture, or copyright notice 2014.
300 ## - PHYSICAL DESCRIPTION
Extent 128 pages :
Other physical details color illustrations ;
Dimensions 23 cm.
336 ## - CONTENT TYPE
Content type term text
Source rdacontent
337 ## - MEDIA TYPE
Media type term unmediated
Source rdamedia
338 ## - CARRIER TYPE
Carrier type term volume
Source rdacarrier
650 #0 - SUBJECT ADDED ENTRY--TOPICAL TERM
Topical term or geographic name entry element Sewing
Form subdivision Juvenile literature.
650 #0 - SUBJECT ADDED ENTRY--TOPICAL TERM
Topical term or geographic name entry element Textile crafts
Form subdivision Juvenile literature.
650 #0 - SUBJECT ADDED ENTRY--TOPICAL TERM
Topical term or geographic name entry element Patchwork
Form subdivision Patterns
-- Juvenile literature.
906 ## - LOCAL DATA ELEMENT F, LDF (RLIN)
a 7
b cbc
c orignew
d 1
e ecip
f 20
g y-gencatlg
942 ## - ADDED ENTRY ELEMENTS (KOHA)
Source of classification or shelving scheme Library of Congress Classification
Koha item type Non-Fiction
Suppress in OPAC No
Holdings
Withdrawn status Lost status Source of classification or shelving scheme Damaged status Not for loan Collection Home library Current library Shelving location Date acquired Source of acquisition Total Checkouts Full call number Barcode Date last seen Price effective from Koha item type
    Library of Congress Classification     Non-fiction Kapasa Makasa University Kapasa Makasa University Open Access 01.02.2024 Book Aid International   TT 712 Nic 747945 01.02.2024 01.02.2024 Non-Fiction
    Library of Congress Classification     Non-fiction Kapasa Makasa University Kapasa Makasa University Open Access 01.02.2024 Book Aid International   TT 712 Nic 747946 01.02.2024 01.02.2024 Non-Fiction